Transfer of Theoretical Concepts into Simulated Examples using MATLAB

Uložené v:
Podrobná bibliografia
Hlavný autor: Nevinchannyi, Amir (Autor)
Ďalší autori: Szitkey, Viktor (Vedúci práce)
Médium: Rukopis Kniha
Jazyk:Slovak
English
Vydavateľské údaje: Bratislava : STU v Bratislave FEI, 2025
Predmet:
On-line prístup:https://opac.crzp.sk/?fn=detailBiblioFormChildW4NIP&sid=BA75C2D62745AD5726EC969ED92F&seo=CRZP-detail-kniha
Tagy: Pridať tag
Žiadne tagy, Buďte prvý, kto otaguje tento záznam!

MARC

LEADER 00000ntm a22000003a 4500
001 stuzp102034
003 SK-STU
005 20260206101505.0
007 ta
008 150427s2015----xo-----f-mn---000-0-slo-d
040 |a STU  |b slo 
041 0 |a eng 
044 |a xo 
100 1 |a Nevinchannyi, Amir  |u 037000  |4 aut  |U FEI Fakulta elektrotechniky a informatiky  |T FEI Ústav multimediálnych informačných a komunikačných technológií  |X 122816  |U E070  |Y 818  |7 122816 
242 0 1 |a Transfer teoretických konceptov do simulovaných príkladov pomocou platformy MATLAB  |y slo 
245 1 0 |a Transfer of Theoretical Concepts into Simulated Examples using MATLAB 
260 |a Bratislava :  |b STU v Bratislave FEI,  |c 2025 
300 |a 74 s. 
650 4 |a Simulink  |2 slo 
650 4 |a BER  |2 slo 
650 4 |a MATLAB  |2 slo 
650 4 |a Hammingov kód  |2 slo 
650 4 |a MATLAB  |2 eng 
650 4 |a Simulink  |2 eng 
650 4 |a Hamming code  |2 eng 
650 4 |a BER  |2 eng 
700 1 |a Szitkey, Viktor  |u 037000  |k Z3  |4 ths  |U FEI Fakulta elektrotechniky a informatiky  |T FEI Ústav multimediálnych informačných a komunikačných technológií  |X 79762  |U E070  |Y 818  |7 79762 
856 4 |u https://opac.crzp.sk/?fn=detailBiblioFormChildW4NIP&sid=BA75C2D62745AD5726EC969ED92F&seo=CRZP-detail-kniha